5桁の市外局番のMA名 - Statistics

General Stats
  • This quiz has been taken 9 times
  • The average score is 11 of 40
Answer Stats
市外局番 備考 MA名 % Correct
04998 小笠原
75%
04996 八丈島
63%
01397 奥尻
50%
01648 焼尻
50%
04992 伊豆大島
50%
04994 三宅
50%
09802 南大東
50%
01634 浜頓別
38%
01635 浜頓別
38%
01654 名寄
38%
01655 名寄
38%
01658 上川
38%
01377 0137と同名 八雲
25%
01456 門別富川
25%
01457 門別富川
25%
01466 えりも
25%
01558 広尾
25%
01586 中湧別
25%
01587 中湧別
25%
01632 天塩
25%
01656 美深
25%
07468 上北山
25%
08396 083と同名 山口
25%
09912 中之島
25%
09969 中甑
25%
01267 0126と同名 岩見沢
13%
01372
13%
01374 鹿部
13%
01392 木古内
13%
01398 熊石
13%
01547 白糠
13%
01564 上士幌
13%
05769 荘川
13%
05979 0597と同名 熊野
13%
08387 田万川
13%
08388 田万川
13%
09913 硫黄島
13%
08477 0847と同名 東城
0%
08512 西郷
0%
08514 海士
0%
No matching quizzes found
Score Distribution
Percent of People with Each Score
Percentile by Number Answered
Your Score History
You have not taken this quiz